<?xml version="1.0" encoding="UTF-8"?>
<record
    xmlns:xsi="http://www.w3.org/2001/XMLSchema-instance"
    xsi:schemaLocation="http://www.loc.gov/MARC21/slim http://www.loc.gov/standards/marcxml/schema/MARC21slim.xsd"
    xmlns="http://www.loc.gov/MARC21/slim">

  <leader>00463nam a22001697a 4500</leader>
  <controlfield tag="005">20231205231031.0</controlfield>
  <controlfield tag="008">231205b        |||||||| |||| 00| 0 eng d</controlfield>
  <datafield tag="020" ind1=" " ind2=" ">
    <subfield code="a">8185604045</subfield>
  </datafield>
  <datafield tag="082" ind1=" " ind2=" ">
    <subfield code="2">22</subfield>
    <subfield code="a">305.5.</subfield>
    <subfield code="b">ANJ.</subfield>
  </datafield>
  <datafield tag="100" ind1=" " ind2=" ">
    <subfield code="a">Bagwe Anjali.</subfield>
  </datafield>
  <datafield tag="245" ind1=" " ind2=" ">
    <subfield code="a">Of women caste /</subfield>
    <subfield code="b">The Experience of Gender in Rural India.</subfield>
    <subfield code="c">Anjali Bagwe.</subfield>
  </datafield>
  <datafield tag="250" ind1=" " ind2=" ">
    <subfield code="a">1st.</subfield>
  </datafield>
  <datafield tag="260" ind1=" " ind2=" ">
    <subfield code="a">Calcutta,</subfield>
    <subfield code="b">Mandira  Sen for STREE,</subfield>
    <subfield code="c">1995.</subfield>
  </datafield>
  <datafield tag="300" ind1=" " ind2=" ">
    <subfield code="a">xi, 245 p.</subfield>
  </datafield>
  <datafield tag="650" ind1=" " ind2=" ">
    <subfield code="a">sex role.</subfield>
  </datafield>
  <datafield tag="942" ind1=" " ind2=" ">
    <subfield code="c">L</subfield>
  </datafield>
  <datafield tag="952" ind1=" " ind2=" ">
    <subfield code="0">0</subfield>
    <subfield code="1">0</subfield>
    <subfield code="4">0</subfield>
    <subfield code="7">0</subfield>
    <subfield code="8">L</subfield>
    <subfield code="a">WERCL</subfield>
    <subfield code="b">WERCL</subfield>
    <subfield code="d">2023-12-06</subfield>
    <subfield code="l">0</subfield>
    <subfield code="o">305.5. ANJ.</subfield>
    <subfield code="p">2296</subfield>
    <subfield code="r">2023-12-05</subfield>
    <subfield code="w">2023-12-05</subfield>
    <subfield code="y">L</subfield>
  </datafield>
  <datafield tag="999" ind1=" " ind2=" ">
    <subfield code="c">155</subfield>
    <subfield code="d">155</subfield>
  </datafield>
</record>
